人口減少率が高い市 (2000年) - Statistics

General Stats
  • This quiz has been taken 96 times
  • The average score is 69 of 113
Answer Stats
順位 都道府県 減少率 市名 % Correct
1位 北海道 -13.58% 夕張市
95%
2位 北海道 -13.48% 歌志内市
94%
5位 高知県 -9.13% 室戸市
91%
4位 北海道 -9.20% 赤平市
89%
8位 石川県 -8.00% 珠洲市
89%
3位 北海道 -10.28% 三笠市
86%
36位 北海道 -5.10% 根室市
86%
57位 北海道 -4.20% 稚内市
86%
25位 北海道 -5.91% 室蘭市
84%
7位 北海道 -8.30% 芦別市
81%
19位 石川県 -6.54% 輪島市
81%
28位 北海道 -5.77% 留萌市
81%
33位 高知県 -5.46% 土佐清水市
81%
35位 熊本県 -5.16% 水俣市
81%
10位 栃木県 -7.66% 日光市
80%
86位 北海道 -3.35% 名寄市
80%
32位 北海道 -5.51% 紋別市
78%
68位 北海道 -3.76% 釧路市
77%
22位 三重県 -6.23% 尾鷲市
75%
50位 広島県 -4.49% 庄原市
75%
16位 北海道 -6.73% 美唄市
73%
24位 三重県 -6.10% 熊野市
73%
60位 北海道 -4.08% 深川市
73%
13位 三重県 -6.95% 鳥羽市
72%
14位 長崎県 -6.85% 松浦市
72%
45位 高知県 -4.68% 安芸市
72%
72位 岡山県 -3.65% 新見市
72%
18位 京都府 -6.66% 宮津市
70%
21位 宮崎県 -6.32% 串間市
70%
23位 秋田県 -6.20% 男鹿市
70%
26位 山梨県 -5.89% 大月市
70%
36位 愛媛県 -5.10% 宇和島市
70%
37位 北海道 -5.05% 士別市
70%
43位 山口県 -4.78% 萩市
70%
63位 北海道 -3.96% 小樽市
70%
93位 北海道 -3.17% 滝川市
70%
15位 大分県 -6.77% 津久見市
69%
42位 山形県 -4.82% 尾花沢市
69%
55位 島根県 -4.32% 江津市
69%
17位 大分県 -6.70% 竹田市
67%
43位 鹿児島県 -4.78% 枕崎市
67%
44位 石川県 -4.71% 七尾市
67%
51位 千葉県 -4.48% 勝浦市
67%
56位 広島県 -4.23% 大竹市
67%
11位 愛媛県 -7.26% 八幡浜市
66%
53位 静岡県 -4.44% 下田市
66%
76位 石川県 -3.57% 羽咋市
66%
95位 秋田県 -3.12% 能代市
66%
62位 高知県 -3.99% 須崎市
64%
70位 北海道 -3.73% 函館市
64%
27位 静岡県 -5.86% 熱海市
63%
34位 長崎県 -5.30% 平戸市
63%
50位 広島県 -4.49% 竹原市
63%
71位 宮崎県 -3.67% えびの市
63%
25位 岩手県 -5.91% 釜石市
61%
39位 秋田県 -4.95% 鹿角市
61%
61位 山口県 -4.03% 長門市
61%
80位 長崎県 -3.49% 長崎市
61%
6位 熊本県 -9.02% 牛深市
59%
9位 福岡県 -7.83% 山田市
59%
30位 岡山県 -5.61% 備前市
59%
41位 島根県 -4.87% 大田市
59%
65位 鹿児島県 -3.85% 垂水市
59%
71位 北海道 -3.67% 登別市
59%
98位 岩手県 -3.05% 宮古市
59%
29位 新潟県 -5.62% 両津市
58%
31位 広島県 -5.53% 府中市
58%
42位 鹿児島県 -4.82% 西之表市
58%
54位 福岡県 -4.39% 田川市
58%
40位 兵庫県 -4.93% 相生市
56%
52位 鹿児島県 -4.45% 阿久根市
56%
67位 長崎県 -3.79% 福江市
56%
76位 富山県 -3.57% 氷見市
56%
83位 秋田県 -3.45% 湯沢市
56%
58位 千葉県 -4.13% 銚子市
55%
81位 神奈川県 -3.47% 三浦市
55%
82位 福井県 -3.46% 勝山市
55%
38位 岐阜県 -5.03% 美濃市
53%
59位 山口県 -4.10% 柳井市
53%
64位 奈良県 -3.94% 御所市
53%
74位 長野県 -3.62% 飯山市
53%
75位 千葉県 -3.58% 鴨川市
53%
79位 島根県 -3.50% 安来市
53%
87位 福井県 -3.30% 大野市
53%
87位 宮崎県 -3.30% 日南市
53%
91位 富山県 -3.22% 小矢部市
53%
12位 広島県 -6.97% 因島市
52%
20位 新潟県 -6.38% 栃尾市
52%
54位 福岡県 -4.39% 大牟田市
50%
60位 群馬県 -4.08% 桐生市
48%
88位 福岡県 -3.26% 飯塚市
48%
90位 大分県 -3.23% 豊後高田市
48%
99位 新潟県 -3.02% 柏崎市
48%
49位 鹿児島県 -4.53% 串木野市
47%
65位 福岡県 -3.85% 直方市
47%
73位 山梨県 -3.63% 塩山市
47%
84位 香川県 -3.44% 坂出市
47%
46位 鹿児島県 --4.62% 大口市
45%
66位 新潟県 -3.80% 十日町市
45%
72位 山口県 -3.65% 徳山市
44%
78位 和歌山県 -3.52% 海南市
44%
47位 福岡県 -4.58% 大川市
42%
100位 山形県 -3.01% 上山市
42%
89位 福岡県 -3.24% 柳川市
39%
97位 富山県 -3.08% 新湊市
38%
77位 岐阜県 -3.53% 土岐市
30%
94位 宮城県 -3.16% 塩竈市
30%
96位 大阪府 -3.10% 高石市
28%
85位 大阪府 -3.39% 門真市
27%
92位 千葉県 -3.18% 佐原市
25%
48位 兵庫県 -4.56% 尼崎市
23%
94位 大阪府 -3.16% 守口市
20%
69位 埼玉県 -3.74% 上福岡市
17%
No matching quizzes found
Score Distribution
Percent of People with Each Score
Percentile by Number Answered
Your Score History
You have not taken this quiz